Znane nazwiska #2 - Statystyki

Ogólne statystyki
  • Ten quiz został rozwiązany 590 razy
  • Średni wynik to 4 z 12
Statystyki odpowiedzi
imię nazwisko % Poprawnych
Martin Luther, Stephen, Billie Jean King
72%
Fidel, Raúl, Tommy Castro
69%
Lech, Jarosław, Danuta Wałęsa
58%
Anja , Piotr, Ernő Rubik
54%
Eden, Thierry, Thorgan Hazard
40%
Hugh, Cary, Ulysses S. Grant
37%
Roman, Marek, Władysław Polański
31%
Mariusz , Robert, Kajetan Lewandowski
22%
Jennifer, Martin, D.H. Lawrence
13%
Jacek, Maria Michał, Wacław, Aleksander Kowalski
10%
Aneta, Elżbieta, Florian, Stanisław Zając
5%
Roman, Michał , Jan, Jerzy Jankowski
3%
Nie znaleziono quizów pasujących do podanych kryteriów
Rozkład punktacji
Procent ludzi z każdym wynikiem
Percentyl według liczby udzielonych odpowiedzi
Twoja historia wyników
Nie rozwiązałeś tego quizu